| 000 | 00000nas 2200000zi 4500 |
| 001 | 9.872107 |
| 003 | CaOODSP |
| 005 | 20221107163550 |
| 006 | m o d f |
| 007 | cr ||||||||||| |
| 008 | 190426d19861989oncar p o f0###a0eng|d |
| 040 | |aCaOODSP|beng|erda|cCaOODSP |
| 043 | |an-cn--- |
| 086 | 1 |aC1E-PDF |zC1-1985|zC1-1986|zC1-1987|zC1-1988 |
| 110 | 1 |aCanada. |bDepartment of Regional Industrial Expansion. |
| 245 | 10|aAnnual report. |
| 246 | 3 |iIssues 1984/85-1987/88 have title : |aDRIE annual report |
| 264 | 1|a[Ottawa] : |bDepartment of Regional Industrial Expansion, |c1986-1989. |
| 310 | |aAnnual |
| 336 | |atext|btxt|2rdacontent |
| 337 | |acomputer|bc|2rdamedia |
| 338 | |aonline resource|bcr|2rdacarrier |
| 362 | 1 |aBegan with 1984/85; ceased with 1987/88. |
| 500 | |aIssued also in French under title: Rapport annuel. |
| 500 | |aDigitized edition from print [produced by Innovation, Science and Economic Development Canada]. |
| 692 | 07|2gccst|aIndustries |
| 692 | 07|2gccst|aCommerce |
| 775 | 08|tRapport annuel.|w(CaOODSP)9.872115 |
| 780 | 00|tAnnual report of the Department of Industry, Trade and Commerce.|w(CaOODSP)9.872021 |
| 785 | 00|tDRIE and MOSST annual report.|w(CaOODSP)9.872124 |